000 00588nam a2200169 i 4500
001 94575
003 ES-MaACL
005 20230906181519.0
007 t|
008 050509s1982 sp ||||1| spa d
100 1 _aLoriente Escallada, Enrique.
_974209
245 1 0 _aArboles singulares de Cantabria
_b: guía para su conocimiento y conservación /
_cEnrique Loriente Escallada.
260 _aSantander :
_bInstitución Cultural de Cantabria,
_c1982.
300 _a221 p. :
_bil. ;
_c19 cm.
710 2 _aInstitución Cultural de Cantabria.
_94712
852 _aES-MaACL
_jL-2150
_bR.103063
999 _c94575
_d94575